000 00288 a2200145 4500
001 172160
020 _a
040 _cMagnum
100 _aBrandao, Maria do Carmo
240 1 0 _aFumacinha
_lpor
245 1 0 _aFumacinha
362 0 _a1899
697 _aI/FADAS, FANTASIA
942 _cBK
999 _c172160
_d172160